• 首页
  • 本馆介绍
  • 公告通知
  • 最新文献
  • 馆藏检索
  • 电子资源
  • 读者导购
  • 参考咨询
  • 我的图书馆
  • 登录
  • 详细信息显示
  • 放入我的书架
  • 预约/预借图书
  • 作者相关作品
  • 分类相关作品
  • 丛书相关作品
  • 出版社相关作品

书目信息

  • 表格格式
  • 工作单格式
  • 卡片格式
题名:
中国古老文化寻踪
    
 
作者: 刘晓峰 著
分册:   百工之人
出版信息: 北京   中国科学技术出版社  2015
页数: 167页
开本: 30cm
丛书名:
单 册:
中图分类: K203-64 , TS-092
科图分类:
主题词: 中华文化--zhong hua wen hua--介绍--摄影集 , 手工业--shou gong ye--介绍--中国--摄影集
电子资源:
ISBN: 978-7-5046-6787-8
000 01039nam0 22002771 450
001 1755137113
005 20170605154038.10
010    @a978-7-5046-6787-8@b精装@dCNY148.00
100    @a20150528d2015 em y0chiy50 ea
101 0  @achi
102    @aCN@b110000
105    @aa z 000yy
106    @ar
200 1  @a中国古老文化寻踪@Azhong guo gu lao wen hua xin zong@i百工之人@f刘晓峰著@g刘晓峰摄影
210    @a北京@c中国科学技术出版社@d2015
215    @a167页@d30cm
300    @a国家出版基金项目
330    @a本书精选在中国流传千年的传统手工艺,为我们记录、还原在中国即将消失的古老手工艺。书中选取了贵州民间蜡染布艺、老酒坊、古老造纸术、银饰等传统手工艺,淋漓尽致地展现了中国传统手工艺的精髓。
517 1  @a百工之人@Abai gong zhi ren
606 0  @a中华文化@Azhong hua wen hua@x介绍@j摄影集
606 0  @a手工业@Ashou gong ye@x介绍@y中国@j摄影集
690    @aK203-64@v5
690    @aTS-092@v5
701  0 @a刘晓峰@Aliu xiao feng@c(摄影)@4著@4摄影
801  0 @aCN@bTANG WEI@c20170601
905    @b0972154-6@dK203-64@e234:6@f3
    
    中国古老文化寻踪.百工之人/刘晓峰著/刘晓峰摄影 .-北京:中国科学技术出版社,2015
    167页;30cm
    国家出版基金项目
    
    ISBN 978-7-5046-6787-8(精装):CNY148.00
    本书精选在中国流传千年的传统手工艺,为我们记录、还原在中国即将消失的古老手工艺。书中选取了贵州民间蜡染布艺、老酒坊、古老造纸术、银饰等传统手工艺,淋漓尽致地展现了中国传统手工艺的精髓。
●
相关链接 在E读中查询图书 在五车中查询图书 在当当中查询图书 在豆瓣中查询图书


正题名:中国古老文化寻踪     索取号:K203-64/234:6         预约/预借

序号 登录号 条形码 馆藏地/架位号 状态 备注
1 0972154   209721540   第二样本阅览室/ [索取号:K203-64/234:6] 在馆    
2 0972155   209721559   密集书库-资源管理系/ [索取号:K203-64/234:6] 在馆    
3 0972156   209721568   第二借阅区/ [索取号:K203-64/234:6] 在馆    
唐山师范学院图书馆 欢迎您!
大连网信软件有限公司© 版权所有